Football Teams that have been in or are still in the Premier League starting from 1992/1993 Season to Current - Statistics

General Stats
  • This quiz has been taken 521 times
  • The average score is 36 of 47
Answer Stats
Answer % Correct
Arsenal
99%
Manchester United
97%
Liverpool
96%
Chelsea
95%
Manchester City
95%
Aston Villa
92%
Everton
92%
Tottenham Hotspur
91%
Newcastle United
90%
West Ham
90%
Leicester City
85%
Southampton
84%
Sunderland
84%
West Bromwich Albion
84%
Norwich City
83%
Crystal Palace
81%
Blackburn Rovers
80%
Leeds United
80%
Fulham
79%
Swansea City
79%
Bolton Wanderers
77%
Bournemouth
77%
Burnley
77%
Wolverhampton Wanderers
77%
Derby County
76%
Portsmouth
76%
Queens Park Rangers
75%
Stoke City
75%
Birmingham City
74%
Cardiff City
74%
Watford
74%
Hull City
73%
Sheffield United
72%
Sheffield Wednesday
69%
Wigan Athletic
68%
Ipswich Town
67%
Middlesbrough
67%
Blackpool
66%
Nottingham Forest
66%
Charlton Athletic
64%
Reading
64%
Wimbledon
60%
Coventry City
59%
Barnsley
55%
Bradford City
53%
Oldham Athletic
51%
Swindon Town
50%
No matching quizzes found
Score Distribution
Percent of People with Each Score
Percentile by Number Answered
Your Score History
You have not taken this quiz